[Event "ROM-ch U10 Girls"]
[Site "Calimanesti Caciulata"]
[Date "2019.04.22"]
[Round "9.10"]
[White "Vrabie, Oana Simona"]
[Black "Gheorghe, Raisa Maria"]
[Result "0-1"]
[WhiteElo "1001"]
[BlackElo "1020"]
[PlyCount "101"]
[EventDate "2019.04.15"]
[EventType "swiss"]
[EventRounds "9"]
[EventCountry "ROU"]
[SourceTitle "EXT 2024"]
[Source "ChessBase"]
[SourceDate "2023.10.10"]
[SourceVersion "1"]
[SourceVersionDate "2023.10.10"]
[SourceQuality "1"]

1. d4 d5 2. e3 Bf5 3. Bd3 Bxd3 4. Qxd3 Nf6 5. Qd1 e6 6. Nd2 Bd6 7. f4 0-0 8. Ngf3 Nc6 9. Ne5 Ne7 10. Qf3 Nd7 11. 0-0 Nxe5 12. fxe5 Bb4 13. c3 Ba5 14. b4 Bb6 15. a4 a6 16. a5 Ba7 17. e4 dxe4 18. Nxe4 Ng6 19. Bg5 Nxe5 20. Bxd8 Nxf3+ 21. Rxf3 Raxd8 22. Raf1 e5 23. Kh1 exd4 24. cxd4 Bxd4 25. Ng5 Bf6 26. Ne4 Be5 27. Rc1 c6 28. Nc5 Bb2 29. Rb1 Ba3 30. Nxb7 Rb8 31. Nc5 Bxb4 32. Nxa6 Rb5 33. Nxb4 c5 34. Rf5 Rxb4 35. Rc1 c4 36. Rf4 Rc8 37. h4 h6 38. g4 Ra4 39. g5 hxg5 40. hxg5 Rxa5 41. Rg4 c3 42. g6 fxg6 43. Rxg6 c2 44. Rgg1 Rb5 45. Kh2 Kf7 46. Rge1 Kf8 47. Rf1+ Kg8 48. Kg2 Rg5+ 49. Kf2 Rf5+ 50. Ke1 Rxf1+ 51. Kxf1 0-1

[Event "ROM-ch U10 Girls"]
[Site "Calimanesti Caciulata"]
[Date "2019.04.19"]
[Round "6.20"]
[White "Blanaru, Ana"]
[Black "Vrabie, Oana Simona"]
[Result "0-1"]
[WhiteElo "1010"]
[BlackElo "1001"]
[PlyCount "56"]
[EventDate "2019.04.15"]
[EventType "swiss"]
[EventRounds "9"]
[EventCountry "ROU"]
[SourceTitle "EXT 2024"]
[Source "ChessBase"]
[SourceDate "2023.10.10"]
[SourceVersion "1"]
[SourceVersionDate "2023.10.10"]
[SourceQuality "1"]

1. e4 e5 2. Nf3 Nc6 3. Bb5 Bc5 4. Bxc6 dxc6 5. Nxe5 Bxf2+ 6. Kxf2 Qd4+ 7. Ke1 Qxe5 8. Nc3 f5 9. d3 fxe4 10. dxe4 Nf6 11. Qd3 Bd7 12. Be3 0-0-0 13. Bd4 Qe7 14. e5 Rhf8 15. Kd1 Nd5 16. Nxd5 cxd5 17. Re1 Be6 18. Qd2 Bg4+ 19. Kc1 c5 20. Bf2 Rf5 21. h3 Rdf8 22. hxg4 Rxf2 23. Qd3 Rxg2 24. Qxd5 Rff2 25. b3 Rxc2+ 26. Kb1 Qh4 27. Rd1 Rb2+ 28. Kc1 Rgc2# 0-1

[Event "ROM-ch U10 Girls"]
[Site "Calimanesti Caciulata"]
[Date "2019.04.18"]
[Round "5.20"]
[White "Cojocaru, Alessia Mihaela"]
[Black "Vrabie, Oana Simona"]
[Result "1/2-1/2"]
[WhiteElo "1001"]
[BlackElo "1001"]
[PlyCount "90"]
[EventDate "2019.04.15"]
[EventType "swiss"]
[EventRounds "9"]
[EventCountry "ROU"]
[SourceTitle "EXT 2024"]
[Source "ChessBase"]
[SourceDate "2023.10.10"]
[SourceVersion "1"]
[SourceVersionDate "2023.10.10"]
[SourceQuality "1"]

1. e4 e5 2. Nf3 Nc6 3. Bc4 Bc5 4. 0-0 Nf6 5. Nc3 d6 6. h3 Be6 7. Bb3 Qd7 8. d3 0-0-0 9. Qe2 Nd4 10. Nxd4 Bxd4 11. Be3 Rdg8 12. Bxd4 exd4 13. Nd5 Bxd5 14. exd5 Re8 15. Qd2 Qf5 16. c4 g5 17. Rae1 g4 18. Rxe8+ Rxe8 19. h4 Re5 20. Qa5 a6 21. Rd1 Re2 22. Rf1 Rxb2 23. Qa3 Rd2 24. Qc1 Re2 25. Qh6 Nd7 26. a4 Qxd3 27. Qg7 b6 28. Qg8+ Kb7 29. Bd1 Re4 30. Qxh7 g3 31. Qxf7 Ne5 32. Qf8 Nxc4 33. Bf3 gxf2+ 34. Rxf2 Re1+ 35. Kh2 Ne3 36. Kg3 Nf1+ 37. Kh3 Ne3 38. Kg3 c5 39. Qf7+ Kb8 40. Qf8+ Kb7 41. Qe7+ Kc8 42. Qe8+ Kc7 43. Qe7+ Kc8 44. Qe8+ Kc7 45. Qe7+ Kc8 1/2-1/2

[Event "ROM-ch U10 Girls"]
[Site "Calimanesti Caciulata"]
[Date "2019.04.15"]
[Round "1.22"]
[White "Vrabie, Oana Simona"]
[Black "Palote, Ana Maria"]
[Result "0-1"]
[WhiteElo "1001"]
[BlackElo "1128"]
[PlyCount "38"]
[EventDate "2019.04.15"]
[EventType "swiss"]
[EventRounds "9"]
[EventCountry "ROU"]
[SourceTitle "EXT 2024"]
[Source "ChessBase"]
[SourceDate "2023.10.10"]
[SourceVersion "1"]
[SourceVersionDate "2023.10.10"]
[SourceQuality "1"]

1. e4 e5 2. Nf3 Nc6 3. Bc4 Bc5 4. d3 h6 5. c3 Qe7 6. Nbd2 Nf6 7. Nf1 d6 8. Bb3 Bg4 9. Ng3 0-0 10. h3 Bd7 11. Nf5 Bxf5 12. exf5 e4 13. Ng1 exd3+ 14. Kf1 Ne5 15. Nf3 Rae8 16. Nxe5 Qxe5 17. Bd2 Qxf5 18. f3 Ne4 19. Rh2 Ng3# 0-1

[Event "ROM-ch U10 Girls"]
[Site "Calimanesti"]
[Date "2018.03.30"]
[Round "5"]
[White "Vrabie, Oana Simona"]
[Black "Zamfirescu, Daria Ioana"]
[Result "1-0"]
[WhiteElo "1001"]
[BlackElo "1001"]
[PlyCount "23"]
[EventDate "2018.03.27"]
[EventType "swiss"]
[EventRounds "9"]
[EventCountry "ROU"]
[SourceTitle "CBM 183 Extra"]
[Source "ChessBase"]
[SourceDate "2018.04.19"]
[SourceVersion "1"]
[SourceVersionDate "2018.04.19"]
[SourceQuality "1"]

1. d4 c6 2. e3 b6 3. Bc4 Bb7 4. Qf3 e6 5. Ne2 a6 6. 0-0 Ra7 7. e4 a5 8. a3 Ra6 9. Bxa6 Bxa6 10. Bf4 h6 11. Nbc3 f6 12. Qh5+ 1-0

[Event "ROM-ch U10 Girls"]
[Site "Calimanesti"]
[Date "2018.03.28"]
[Round "2"]
[White "Vidan, Elena"]
[Black "Vrabie, Oana Simona"]
[Result "1-0"]
[WhiteElo "1006"]
[BlackElo "1001"]
[PlyCount "65"]
[EventDate "2018.03.27"]
[EventType "swiss"]
[EventRounds "9"]
[EventCountry "ROU"]
[SourceTitle "CBM 183 Extra"]
[Source "ChessBase"]
[SourceDate "2018.04.19"]
[SourceVersion "1"]
[SourceVersionDate "2018.04.19"]
[SourceQuality "1"]

1. e4 d5 2. e5 f6 3. d4 Nc6 4. Nf3 Bg4 5. Be2 Bxf3 6. Bxf3 fxe5 7. dxe5 Nxe5 8. 0-0 Nxf3+ 9. Qxf3 Nf6 10. Bg5 Qd6 11. Rd1 0-0-0 12. Nc3 d4 13. Qf5+ e6 14. Qf3 e5 15. Ne4 Qe6 16. Nxf6 Be7 17. Nxh7 Rxh7 18. Bxe7 Qxe7 19. Qf5+ Kb8 20. Qxh7 Rd7 21. Qg8+ Rd8 22. Qb3 Qf6 23. f3 Rf8 24. Qb4 Rf7 25. Qa4 a6 26. Qe8+ Ka7 27. Rd3 Rf8 28. Qa4 e4 29. Qxd4+ Qb6 30. Qxb6+ cxb6 31. fxe4 a5 32. e5 Re8 33. Rd7 1-0